| 000 | 00714nam a22002177a 4500 | ||
|---|---|---|---|
| 999 |
_c104575 _d104575 |
||
| 005 | 20221212105229.0 | ||
| 010 | _aENG-116497 ENG-135819 | ||
| 020 |
_a9789350981108 _c1250.00 |
||
| 035 | _aEN-100029 | ||
| 035 | _aEN-119351 | ||
| 037 | _bDBAD/PUB | ||
| 082 | _a954 | ||
| 100 | _aMani, Braj Ranjan | ||
| 245 |
_aDebrahmanising history : _bDominance and resistance in Indian society / _cby Braj Ranjan Mani |
||
| 250 | _aext. rev. ed. | ||
| 260 |
_aNew Delhi _bManohar Publisher & Distributors _c2015 |
||
| 270 |
_a4753/23 Ansari Road,Daryaganj _bNew Delhi _e110002 |
||
| 300 |
_a466p. _c22cm (Hb) |
||
| 500 | _aIncludes bibliographical references and index | ||
| 942 |
_2ddc _cEN _h954 _mMAN |
||